000 00964nam a2200253 a 4500
001 000041155
005 20260330121013.0
008 130920s1989 sp ad 001 0 spa d
020 _a8485861086
040 _aDO-SdBNP
_bspa
_cBNPHU
082 _a342.0413
_bP438m
100 1 _aPérez Prendes, José Manuel
_967701
245 1 3 _aLa monarquía indiana y el Estado de derecho /
_cJosé Manuel Pérez Prendes y Muñoz de Arracó.
260 _aValencia, España :
_bAsociación Francisco López de Gomara,
_c1989.
300 _a367 p. :
_bil., gráfcs. ;
_c24 cm.
490 1 _aLa Corona y los Pueblos Americanos
_v3
650 4 _aDerecho colonial español
_zAmérica
_967702
650 0 _aEstado de derecho
_910179
650 4 _aMonarquía española
_xHistoria
_y1400-1800
_967703
651 4 _aAmérica Latina
_xHistoria
_y1492-1830
_959067
830 0 _aLa Corona y los Pueblos Americanos
_n3
_967704
910 _aValidado. Control de calidad EMS
049 _aBNPD
999 _c40645
_d40645